00862cam a2200205 a 4500040000900000082002600009245003300035250001300068260005700081300004500138500001700183500010300200500017900303650002200482650002200504710003100526710004900557710001200606710003800618 cWaPS a631 FFT 1995 C163 Or.00aSoil conservation handbook / a1995 ed. a[Taipei, Taiwan, Republic of China] :bFFTC,c[1995] a1 v. (various pagings) ;bill. ;c27 cm. a"June 1995." aRevision of the 1st English ed. pub. : Taipei, Taiwan : Food & Fertilizer Technology Center, 1977. a"Chinese edition compiled by the Council of Agriculture, ROC, Taiwan Provincial Soil and Water Conservation Bureau, and the Chinese Soil and Water Conservation Society, ROC." 0aSoil conservation 0aSoil conservation2 aAsian and Pacific Council.2 aXing zheng yuan nong ye wei yuan hui (China)1 aTaiwan.2 aZhonghua shui tu bao chi xue hui.